Beloved witch/ (Record no. 191326)

MARC details
000 -LEADER
fixed length control field 00536nam a22001817a 4500
005 - DATE AND TIME OF LATEST TRANSACTION
control field 20220824170544.0
010 ## - LCCN (DPL NO)
LC control number ENG-134631
020 ## - INTERNATIONAL STANDARD BOOK NUMBER
Terms of availability 285.00
International Standard Book Number 9788193724224
035 ## - SYSTEM CONTROL NUMBER
System control number EN-118163
037 ## - SOURCE OF ACQUISITION
Source of stock number/acquisition DBAD/PUB
082 ## - DEWEY DECIMAL CLASSIFICATION NUMBER
Classification number 921
100 ## - MAIN ENTRY--PERSONAL NAME
Personal name Chakraverti, Ipsita Roy
245 ## - TITLE STATEMENT
Title Beloved witch/
Statement of responsibility, etc Ipsita Roy Chakraverti
260 ## - PUBLICATION, DISTRIBUTION, ETC. (IMPRINT)
Place of publication, distribution, etc Kolkata
Name of publisher, distributor, etc Silver Rose
Date of publication, distribution, etc 2018
270 ## - ADDRESS
Address 121/1Southern Avenue
City kolkata
Electronic mail address silver-rose.pub@outlook.com
Postal code 700029
300 ## - PHYSICAL DESCRIPTION
Extent iii,342p.
Dimensions 21cm(pbk)
942 ## - ADDED ENTRY ELEMENTS (KOHA)
Source of classification or shelving scheme Dewey Decimal Classification
Item type English Books
Classification part 921
Call number suffix CHA
Holdings
Withdrawn status Lost status Not for loan Collection code Home library Current library Date acquired Source of acquisition Cost, normal purchase price Full call number Barcode Copy number Cost, replacement price Koha item type
      Non-fiction Ashok Vihar Ashok Vihar 24/08/2022 DBAD/PUB 285.00 921 CHA EN-118163 1 285.00 English Books

© Delhi Public Library
Hit Counter
free hit counter